| Tag |
First Indicator |
Second Indicator |
Subfields |
| LEADER |
00000cam a2200000 4500 |
| 001 |
in00000052576 |
| 005 |
20151007072135.0 |
| 008 |
750212s1950 nyu b 00000 eng u |
| 010 |
|
|
|a 50010223
|
| 035 |
|
|
|a (OCoLC)01168572
|
| 035 |
|
|
|9 AAE7309AM
|
| 040 |
|
|
|c BBH
|d VVD
|d TXA
|d UtOrBLW
|
| 049 |
|
|
|a TXAM
|c [193977]
|
| 050 |
|
0 |
|a QD251
|b .F86
|
| 082 |
0 |
|
|a 547
|
| 092 |
|
|
|a 547
|b F993a
|
| 100 |
1 |
|
|a Fuson, Reynold C.
|q (Reynold Clayton),
|d 1895-1979.
|
| 245 |
1 |
0 |
|a Advanced organic chemistry.
|
| 264 |
|
1 |
|a New York :
|b Wiley,
|c [1950]
|
| 300 |
|
|
|a x, 669 pages ;
|c 24 cm.
|
| 336 |
|
|
|a text
|b txt
|2 rdacontent
|
| 337 |
|
|
|a unmediated
|b n
|2 rdamedia
|
| 338 |
|
|
|a volume
|b nc
|2 rdacarrier
|
| 504 |
|
|
|a Bibliographical footnotes.
|
| 650 |
|
0 |
|a Chemistry, Organic.
|
| 999 |
|
|
|a MARS
|
| 999 |
f |
f |
|s 60d69f33-7996-3f44-8303-8f068f2b9515
|i 0950c053-c1cb-3631-8615-1f6bb9aeb9a4
|t 0
|
| 952 |
f |
f |
|p ric
|a Texas A&M University
|b Rellis Campus
|c Joint Library Facility
|d Remote Storage
|t 0
|e QD251 .F86
|h Library of Congress classification
|i unmediated -- volume
|m A14800942665
|
| 998 |
f |
f |
|a QD251 .F86
|t 0
|l Remote Storage
|